000
00330 a2200157 4500
001
62432
020
_a
9788526012356
040
_c
Anchieta - Pituba
100
_a
Bessana, Dida
240
1
0
_a
O estudante III
_l
por
245
1
0
_a
O estudante III
300
_a
77
362
0
_a
2007
650
4
_a
Literatura juvenil
942
_c
BK
999
_c
62432
_d
62432